000 00587nam a22001937a 4500
999 _c189681
_d189681
005 20220711112659.0
010 _aUR-11638
020 _a9789392496219
_c144.00
035 _aU-10193
037 _bDBAD/PUB
_a-
082 _a841.08
100 _aمقصود آفاق
245 _aگر یہ /
_cمقصود آفاق
246 _aGiryah /
_bby Maqsood Aafaque
260 _aNew Delhi
_bEducational Publishing House
_c2021 ء
270 _aH.o. D1/16, Ansari Road, Daryaganj
_bNew Delhi
_e110002
300 _a232 ص
_c22cm(Hb)
942 _2ddc
_cUR
_h841.08
_mم ق ص